Manual of traffic engineering studies (Record no. 33603)

000 -LEADER
fixed length control field 00526nam a22001937a 4500
001 - CONTROL NUMBER
control field 33603
003 - CONTROL NUMBER IDENTIFIER
control field BD-DhUET
008 - FIXED-LENGTH DATA ELEMENTS--GENERAL INFORMATION
fixed length control field 150917b xxu||||| |||| 00| 0 eng d
040 ## - CATALOGING SOURCE
Transcribing agency DLC
Modifying agency BD-DhUET
082 ## - DEWEY DECIMAL CLASSIFICATION NUMBER
Classification number 388.312
Item number CLE/1964
100 ## - MAIN ENTRY--PERSONAL NAME
Personal name Cleveland, Donald E.
245 ## - TITLE STATEMENT
Title Manual of traffic engineering studies
250 ## - EDITION STATEMENT
Edition statement 3rd ed.
260 ## - PUBLICATION, DISTRIBUTION, ETC. (IMPRINT)
Place of publication, distribution, etc. Woshington .D. C.
Name of publisher, distributor, etc. Institute of traffic Engineers
Date of publication, distribution, etc. 1964
300 ## - PHYSICAL DESCRIPTION
Extent xii, 187 p.
Other physical details ill
504 ## - BIBLIOGRAPHY, ETC. NOTE
Bibliography, etc Includes bibliographies
650 #0 - SUBJECT ADDED ENTRY--TOPICAL TERM
Topical term or geographic name as entry element Traffic engineering
942 ## - ADDED ENTRY ELEMENTS (KOHA)
Koha item type Edited Book
Holdings
Source of classification or shelving scheme Damaged status Lost status Koha full call number Koha item type Koha date last seen Copy number Date acquired Withdrawn status Sublocation or collection (holding branch) Price effective from Shelving location Piece designation (barcode) Koha normalized classification for sorting Location (home branch) Not for loan
   388.312/CLE/1964Edited Book2015-09-1712015-09-17 Central Library, BUET2015-09-17Reference section84362388_312000000000000_CLE_1964Central Library, BUET 
   388.312/CLE/1964Edited Book2017-03-2522017-03-12 Central Library, BUET2017-03-12Circulation section22130388_312000000000000_CLE_1964Central Library, BUET 
   388.312/CLE/1964Edited Book2017-03-1232017-03-12 Central Library, BUET2017-03-12Circulation section22128388_312000000000000_CLE_1964Central Library, BUET 
   388.312/CLE/1964Edited Book2017-03-1242017-03-12 Central Library, BUET2017-03-12Circulation section22126388_312000000000000_CLE_1964Central Library, BUET 
   388.312/CLE/1964Edited Book2017-03-1252017-03-12 Central Library, BUET2017-03-12Circulation section22127388_312000000000000_CLE_1964Central Library, BUET 
   388.312/CLE/1964Edited Book2017-03-1262017-03-12 Central Library, BUET2017-03-12Circulation section22129388_312000000000000_CLE_1964Central Library, BUET